000 00979aam a2200313 4500
001 14808
003 CO-MdFUSB
005 20170505094743.0
008 170505t1995 sp ||||f |||| 00| 0 spa d
020 _a84-487-0216-6
040 _aCO-MdFUSB
_bspa
_cCO-MdFUSB
_dCO-MdFUSBC
_erda
041 0 _aspa
082 0 4 _a24
_2R 109
_bG752g Vol. 94
100 1 _aLucrecio
_eautor
245 1 0 _aGrandes obras del pensamiento
_b: De la naturaleza de las cosas
_c/ Lucrecio ; Abate Marchena, Traductor
264 1 _aBarcelona :
_bAltaya,
_c℗1995
264 4 _c©1995
300 _a413 Pág.
_b:
_c;
336 _2rdacontent
_a1
_ba1
337 _2rdamedia
_a2
_b5
338 _2rdacarrier
_a2
_b5
490 _aGrandes Obras del Pensamiento
500 _aTítulo original : De rerum natura
505 0 0 _ade la naturaleza de las cosas
563 _aPasta dura
650 1 4 _aFilosofia \ Filosofía Antigüa \ Filosofía Latina
650 7 _aFilosofía antigua
_9168
942 _cREF
999 _c43636
_d43636